Country commerce : South Africa 2007.
| Format: | Book |
|---|---|
| Published: |
New York:
The Economist Intelligence Unit,
2007.
|
| Subjects: |
| LEADER | 00494cam a2200157 7i4500 | ||
|---|---|---|---|
| 001 | 0000019265 | ||
| 005 | 20070522090000.0 | ||
| 090 | 0 | 0 | |a S.AF 380.1 |b COU |
| 245 | 0 | 0 | |a Country commerce : |b South Africa 2007. |
| 260 | 0 | 0 | |a New York: |b The Economist Intelligence Unit, |c 2007. |
| 300 | # | # | |a 84 p. |
| 650 | 0 | 0 | |a Business -- |z South Africa |
| 650 | 0 | 0 | |a Investment -- |z South Africa |
| 650 | 0 | 0 | |a Trading -- |z South Africa |
| 651 | 0 | 0 | |a South Africa |
| 999 | |a B000020121 |b Book |c Countries |e Business Information Centre | ||